<?xml version="1.0" encoding="UTF-8"?>
<record
    xmlns:xsi="http://www.w3.org/2001/XMLSchema-instance"
    xsi:schemaLocation="http://www.loc.gov/MARC21/slim http://www.loc.gov/standards/marcxml/schema/MARC21slim.xsd"
    xmlns="http://www.loc.gov/MARC21/slim">

  <leader>00931cam a2200229   4500</leader>
  <controlfield tag="005">20220914113111.0</controlfield>
  <controlfield tag="008">211022b        mx ||||| |||| 00| 0 spa d</controlfield>
  <datafield tag="020" ind1=" " ind2=" ">
    <subfield code="a">9702602734</subfield>
  </datafield>
  <datafield tag="050" ind1="0" ind2="4">
    <subfield code="a">TK5105.875.I57 </subfield>
    <subfield code="b">W45 2002</subfield>
  </datafield>
  <datafield tag="100" ind1="1" ind2=" ">
    <subfield code="a">Weimman, Lynda</subfield>
  </datafield>
  <datafield tag="245" ind1="1" ind2="0">
    <subfield code="a">Dise&#xF1;o creativo HTML.2. </subfield>
    <subfield code="b">: manual de dise&#xF1;o practico para internet </subfield>
    <subfield code="c"> / Lynda Weimman, William Weimman ; revisi&#xF3;n t&#xE9;cnica Luis enrique Serrano ; traducci&#xF3;n Sergio Kourchenko Barrena.</subfield>
  </datafield>
  <datafield tag="250" ind1=" " ind2=" ">
    <subfield code="a">2a. ed.</subfield>
  </datafield>
  <datafield tag="260" ind1=" " ind2=" ">
    <subfield code="a">M&#xE9;xico :</subfield>
    <subfield code="b">Pearson Educaci&#xF3;n,de M&#xE9;xico, </subfield>
    <subfield code="c">2002</subfield>
  </datafield>
  <datafield tag="300" ind1=" " ind2=" ">
    <subfield code="a">xxviii, 513 p. :</subfield>
    <subfield code="b">il. ;</subfield>
    <subfield code="c">23 cm.</subfield>
  </datafield>
  <datafield tag="504" ind1=" " ind2=" ">
    <subfield code="a">Incluye bibliograf&#xED;a : p. 427-490 glosario e &#xED;ndice</subfield>
  </datafield>
  <datafield tag="506" ind1=" " ind2=" ">
    <subfield code="a">FOMES 2004</subfield>
  </datafield>
  <datafield tag="650" ind1=" " ind2="7">
    <subfield code="2">lemb</subfield>
    <subfield code="a">Internet  (Red de computadores)</subfield>
    <subfield code="x">Dise&#xF1;o </subfield>
    <subfield code="v">Manuales</subfield>
  </datafield>
  <datafield tag="700" ind1="1" ind2=" ">
    <subfield code="a">Weimman, William, </subfield>
    <subfield code="e">autor</subfield>
  </datafield>
  <datafield tag="700" ind1="1" ind2=" ">
    <subfield code="a">Serrano, Luis Enrique, </subfield>
    <subfield code="e">revisor tecnico</subfield>
  </datafield>
  <datafield tag="700" ind1="1" ind2=" ">
    <subfield code="a">Kourchenko Barrena, Sergio,</subfield>
    <subfield code="e">traductor</subfield>
  </datafield>
  <datafield tag="942" ind1=" " ind2=" ">
    <subfield code="2">lcc</subfield>
    <subfield code="c">LIB</subfield>
  </datafield>
  <datafield tag="999" ind1=" " ind2=" ">
    <subfield code="c">104712</subfield>
    <subfield code="d">104712</subfield>
  </datafield>
  <datafield tag="952" ind1=" " ind2=" ">
    <subfield code="1">0</subfield>
    <subfield code="2">lcc</subfield>
    <subfield code="4">0</subfield>
    <subfield code="7">0</subfield>
    <subfield code="a">LIC-025</subfield>
    <subfield code="b">LIC-025</subfield>
    <subfield code="c">GENERAL</subfield>
    <subfield code="d">2021-10-22</subfield>
    <subfield code="e">FOMES-2001</subfield>
    <subfield code="f">1a ed.</subfield>
    <subfield code="k">IT</subfield>
    <subfield code="l">0</subfield>
    <subfield code="o">TK5105.875.I57 W45 2002</subfield>
    <subfield code="p">BIE000006100</subfield>
    <subfield code="r">2021-10-22 00:00:00</subfield>
    <subfield code="t">C:1</subfield>
    <subfield code="v">1.00</subfield>
    <subfield code="y">LIB</subfield>
  </datafield>
  <datafield tag="952" ind1=" " ind2=" ">
    <subfield code="1">0</subfield>
    <subfield code="2">lcc</subfield>
    <subfield code="4">0</subfield>
    <subfield code="7">0</subfield>
    <subfield code="a">LIC-025</subfield>
    <subfield code="b">LIC-025</subfield>
    <subfield code="c">GENERAL</subfield>
    <subfield code="d">2021-11-16</subfield>
    <subfield code="e">FOMES-2003</subfield>
    <subfield code="f">1a ed.</subfield>
    <subfield code="k">IT</subfield>
    <subfield code="l">0</subfield>
    <subfield code="o">TK5105.875.I57 W45 2002</subfield>
    <subfield code="p">BIE000006099</subfield>
    <subfield code="r">2021-11-16 00:00:00</subfield>
    <subfield code="t">C:2</subfield>
    <subfield code="v">1.00</subfield>
    <subfield code="y">LIB</subfield>
  </datafield>
  <datafield tag="952" ind1=" " ind2=" ">
    <subfield code="1">0</subfield>
    <subfield code="2">lcc</subfield>
    <subfield code="4">0</subfield>
    <subfield code="7">0</subfield>
    <subfield code="a">UCIH</subfield>
    <subfield code="b">UCIH</subfield>
    <subfield code="c">GENERAL</subfield>
    <subfield code="d">2022-09-06</subfield>
    <subfield code="f">1a ed.</subfield>
    <subfield code="k">IT</subfield>
    <subfield code="o">TK5105.875.I57 W45 2002</subfield>
    <subfield code="p">BCU000016941</subfield>
    <subfield code="r">2022-09-06 00:00:00</subfield>
    <subfield code="t">1</subfield>
    <subfield code="v">1.00</subfield>
    <subfield code="y">LIB</subfield>
    <subfield code="z">PIFI 3.1</subfield>
  </datafield>
</record>
